[Event "290th YMCA Summer A"]
[Site "Warsaw"]
[Date "2024.08.07"]
[Round "9"]
[White "Sternik, Piotr"]
[Black "Korsun, Wadym"]
[Result "1-0"]
[WhiteElo "1890"]
[BlackElo "1781"]
[PlyCount "84"]
[EventDate "2024.07.02"]
[EventType "tourn"]
[EventRounds "2"]
[EventCountry "POL"]
[SourceDate "2024.07.02"]

1. d4 Nf6 2. c4 e6 3. Nf3 d5 4. Nc3 Be7 5. g3 c6 6. Bg2 Nbd7 7. O-O O-O 8. Nd2
b6 9. e4 dxc4 10. Nxc4 Bb7 11. Re1 Re8 12. a4 a5 13. Be3 Ba6 14. Qb3 Rc8 15.
Red1 h6 16. h3 Bf8 17. Na3 Qe7 18. d5 cxd5 19. exd5 Qb4 20. Qa2 Nc5 21. dxe6
Rxe6 22. Nd5 Qb3 23. Nb5 Bxb5 24. axb5 Qxb5 25. Rac1 Qe8 26. Bf4 Na6 27. Rxc8
Qxc8 28. Nxf6+ Rxf6 29. Qd5 Bc5 30. Qd8+ Qxd8 31. Rxd8+ Kh7 32. Be4+ Rg6 33. h4
h5 34. Ra8 Nb4 35. Kf1 Bd4 36. Bd2 Nc6 37. g4 hxg4 38. h5 Ne5 39. hxg6+ fxg6
40. Bd5 Nf3 41. Bg8+ Kh8 42. Bc3 Bc5 1-0

[Event "290th YMCA Summer A"]
[Site "Warsaw"]
[Date "2024.08.07"]
[Round "9"]
[White "Kania, Tomasz"]
[Black "Malicki, Jan"]
[Result "0-1"]
[WhiteElo "1844"]
[BlackElo "1863"]
[PlyCount "56"]
[EventDate "2024.07.02"]
[EventType "tourn"]
[EventRounds "2"]
[EventCountry "POL"]
[SourceDate "2024.07.02"]

1. e4 c5 2. Nf3 d6 3. d4 cxd4 4. Nxd4 Nf6 5. Nc3 a6 6. h3 e6 7. g4 h6 8. Bg2
Be7 9. Be3 Qc7 10. Qd2 Nc6 11. O-O-O Bd7 12. f4 b5 13. g5 hxg5 14. fxg5 Nh5 15.
Nxc6 Bxc6 16. g6 fxg6 17. e5 d5 18. Qd3 O-O-O 19. Qd4 Ng3 20. Rhe1 Nf5 21. Qg4
Kb7 22. Bg1 b4 23. Ne2 g5 24. Nd4 Rh4 25. Qe2 Nxd4 26. Bxd4 Bb5 27. Qd2 Rc8 28.
Qf2 Rf4 0-1

[Event "290th YMCA Summer A"]
[Site "Warsaw"]
[Date "2024.08.09"]
[Round "10"]
[White "Korsun, Wadym"]
[Black "Flis, Piotr"]
[Result "1/2-1/2"]
[WhiteElo "1781"]
[BlackElo "1941"]
[PlyCount "109"]
[EventDate "2024.07.02"]
[EventRounds "2"]
[EventCountry "POL"]
[SourceDate "2024.07.02"]

1. e4 e5 2. Nf3 Nc6 3. Bb5 a6 4. Ba4 Nf6 5. d3 b5 6. Bb3 Bc5 7. O-O d6 8. c3 h6
9. Re1 O-O 10. h3 Bb6 11. d4 Re8 12. Bc2 Bb7 13. d5 Ne7 14. a4 Ng6 15. axb5
axb5 16. Na3 c6 17. dxc6 Bxc6 18. Bd2 d5 19. exd5 Bxd5 20. Be3 Nf4 21. Bxf4
exf4 22. Qd3 b4 23. cxb4 Qd7 24. Nc4 Bc7 25. Rxe8+ Qxe8 26. Re1 Qb5 27. Nce5
Qxd3 28. Nxd3 Rb8 29. Nd4 Bc4 30. b3 Bxd3 31. Bxd3 Rd8 32. Nb5 Rxd3 33. Nxc7
Rxb3 34. b5 Kf8 35. Re5 Rb1+ 36. Kh2 g5 37. g3 Rc1 38. b6 Nd7 39. Re8+ Kg7 40.
Nd5 fxg3+ 41. Kxg3 Rc5 42. Rd8 Rxd5 43. b7 Rd3+ 44. Kg2 Rb3 45. Rxd7 Kg6 46.
Rc7 h5 47. Rd7 f6 48. Rc7 Kf5 49. Rh7 h4 50. Rc7 Ke5 51. Re7+ Kf4 52. Rc7 Rb2
53. Rc6 Ke5 54. Rc7 Rb3 55. Re7+ $11 1/2-1/2

[Event "290th YMCA Summer A"]
[Site "Warsaw"]
[Date "2024.08.09"]
[Round "10"]
[White "Malicki, Jan"]
[Black "Sternik, Piotr"]
[Result "1/2-1/2"]
[WhiteElo "1863"]
[BlackElo "1890"]
[PlyCount "35"]
[EventDate "2024.07.02"]
[EventRounds "2"]
[EventCountry "POL"]
[SourceDate "2024.07.02"]

1. d4 Nf6 2. c4 c5 3. d5 e6 4. Nc3 exd5 5. cxd5 d6 6. e4 a6 7. a4 Be7 8. h3 O-O
9. Nf3 Re8 10. Bd3 Bf8 11. O-O Nbd7 12. Bf4 Ne5 13. Nxe5 dxe5 14. Bg5 Be7 15.
Be3 Bd6 16. Bg5 Be7 17. Be3 Bd6 18. Bg5 1/2-1/2